[Event "Lee Cup 4th"]
[Site "Beijing"]
[Date "1997.08.28"]
[Round "5"]
[White "Karaklajic, Nikola"]
[Black "Zhang, Zhong"]
[Result "0-1"]
[WhiteElo "2380"]
[BlackElo "2475"]
[Annotator "Har Zvi,R"]
[PlyCount "74"]
[EventDate "1997.08.23"]
[EventType "swiss"]
[EventRounds "11"]
[EventCountry "CHN"]
[SourceTitle "CBM 061"]
[Source "ChessBase"]
[SourceDate "1997.11.23"]
[SourceVersion "1"]
[SourceVersionDate "1997.11.23"]
[SourceQuality "1"]

1. e4 c5 2. c3 e6 3. d4 d5 4. exd5 exd5 5. Be3 c4 (5... cxd4 6. Bxd4 Nc6 (6...
Nh6 7. Nf3 Nf5 8. Bd3 (8. Bb5+ Nc6 9. Ne5 Bd7 10. Nxd7 Qxd7 11. O-O Be7 12. Qd3
Nfxd4 13. cxd4 O-O $11 {0-1 Kos,T-Cvitan,O/Nova Gorica 1996/EXP 51 (35)}) 8...
Nc6 9. Bxf5 $5 Bxf5 10. O-O Be7 $5 11. Bxg7 Rg8 12. Bd4 Qd6 13. Re1 Be4 14.
Nbd2 O-O-O 15. g3 f5 $44 {Stripunsky,A-Hansen,SuB/Copenhagen op (08) ;EXT 94op
1994}) (6... Be6 7. Nf3 Nf6 8. Bd3 Bd6 9. O-O O-O 10. Nbd2 Nc6 11. h3 h6 12.
Re1 Nh5 13. Nb3 Nf4 14. Bc5 Bxc5 15. Nxc5 Qf6 16. Bf1 Rad8 17. Nd4 Nxd4 18.
Qxd4 Qxd4 19. cxd4 b6 20. Nd3 Nxd3 $10 {Janovsky,S-Fish,G/Moscow3 ;EXP 47 1995}
) 7. Bb5 (7. Be3 Nf6 8. Be2 Bd6 9. Nf3 h6 10. O-O O-O 11. Qd3 Ng4 12. Bd4 Re8
13. Nbd2 g6 14. Rae1 Bf5 15. Qb5 Qc7 16. h3 Nh2 17. Nxh2 Bxh2+ 18. Kh1 Nxd4 19.
cxd4 Bf4 $15 {^^ Vajda,A-Dao Thien Hai/Budapest FS02 GM (08) ;CBM 40 1994})
7... Nge7 (7... a6 $5 8. Ba4 b5 (8... Bd7 9. Ne2 Nxd4 10. Qxd4 Bxa4 11. Qxa4+
Qd7 12. Qxd7+ Kxd7 13. O-O Nf6 14. Rd1 Kc7 15. Nf4 Rd8 16. Nd3 Bd6 17. Nd2 Rhe8
18. Nf3 $14 {Zulfugarli,M-Izhnin,A/Nikolaev zt (11) ;CBM 47 1995} (18. Nf3 Rd7
19. a4 Re4 20. a5 Rde7 21. Nd4 g6 22. b4 $14 {Zulfugarli,M-Izhnin,A/
Nikolaev-zt/1995/1:0/36/})) (8... Qg5 $6 9. Nf3 $1 Qxg2 10. Qe2+ Nge7 11. Rg1
Qh3 12. Bxg7 Rg8 {Rabiega,R-Afek,Y/Budapest FS09 GM (06) ;EXP 37 1993} 13. Bxf8
(13. Bxc6+ bxc6 14. Bxf8 Kxf8 15. Rxg8+ Kxg8 16. Nbd2 Bg4 17. O-O-O Ng6 18. Qe3
$13 {Rabiega,R-Afek,Y/Budapest/1993/0:1/73/}) 13... Kxf8 $1 (13... Rxg1+ $4 14.
Nxg1 $18) (13... Rxf8 14. Nbd2 Bg4 15. Rg3 Qh5 16. O-O-O O-O-O 17. h3 $16) 14.
Rxg8+ Nxg8 15. Nbd2 Bg4 16. O-O-O $14 Qxh2 $140 $6 17. Qe3 $40 {Kc1>Kf8}) 9.
Bb3 Nxd4 10. Qxd4 Nf6 11. Ne2 Bb7 12. O-O Bd6 13. Ng3 O-O 14. Nf5 Bc7 15. Nd2
g6 16. Nh6+ Kg7 17. Ng4 Bb6 18. Qxf6+ Qxf6 19. Nxf6 Kxf6 20. Nf3 Rfe8 21. Rfe1
Re6 $10 {^^:Pd5 Lima,D-Mecking,H/Sao Paulo zt (02) ;EXP 47 1995} (21... Re6 22.
Rad1 $10)) (7... Bd7 8. Ne2 (8. Qe2+ $5) 8... Nxd4 9. Bxd7+ Qxd7 10. Nxd4 Bd6
11. O-O Ne7 12. Nd2 O-O 13. Re1 Rae8 $10 {Hargens,T-Rahls,P/BL2-N 9293 (1993) ;
BL2 1993}) (7... Be6 8. Ne2 (8. Nf3 $5) 8... Qd7 9. O-O a6 10. Ba4 b5 11. Bb3
Nxd4 12. Qxd4 $6 (12. Nxd4 {/\a4-><<}) 12... Nf6 13. Nf4 Rc8 $1 14. Nd3 Bd6 15.
Nd2 O-O 16. Nf3 Bf5 17. Rad1 Be4 $1 $36 {Sidorenko,A-Quinn,M/WchJM-U18 Szeged 
(05) ;TD 94\01 1994}) 8. Qe2 Be6 (8... a6 9. Bxc6+ bxc6 10. Nd2 {/\Nb3 ><c5})
9. Nf3 Nf5 (9... a6 $142) 10. g4 $5 (10. O-O Bd6 (10... Nfxd4 11. Nxd4) (10...
a6 11. Bd3 $5) 11. Be5 O-O 12. Bxd6 Qxd6 13. Rd1 $14) 10... Nd6 (10... Nfxd4 $6
11. Nxd4 {-> <->e} (11. Nxd4 Qd7 12. f4 $18)) 11. Bxc6+ (11. Ne5 Nxb5 12. Qxb5
Qc7 13. f4 Bd6 $15) (11. Ba4 Qa5 12. Bxc6+ bxc6 13. Ng5 O-O-O (13... Qb5 14.
Qxb5 Nxb5 15. Nxe6 fxe6 16. Be5 Bd6 $1 $10) 14. Nxe6 Re8 15. b4 Qa4 16. O-O
Rxe6 $15) 11... bxc6 12. Ne5 $1 (12. O-O h5 13. g5 Ne4 14. Qa6 Qc8 15. Qxc8+
Bxc8 16. Re1 c5 17. Be5 Bf5 18. Nbd2 Nxd2 19. Nxd2 Kd7 $10) 12... Qc7 (12...
Qc8) 13. f4 (13. Qa6 Rc8 14. O-O Nb5 (14... c5 15. Qa4+ Kd8 16. Be3 $13) 15.
Re1 Nxd4 16. cxd4 Bd6 17. h3 h5 $15) 13... Be7 (13... c5 14. f5 (14. Bf2 Be7
15. f5 Bc8 16. Qd1 O-O $32 $15 (16... Bb7)) 14... cxd4 15. fxe6 fxe6 16. O-O
dxc3 17. Nxc3 Qb6+ 18. Kh1 Be7 19. Rae1 $44 d4 $140 $6 20. Nd5 $3 exd5 21. Ng6
$1 Ne4 $8 22. Nxh8 d3 23. Qxd3 Rd8 (23... Nf2+ 24. Rxf2 Qxf2 25. Qb5+ $18) 24.
Nf7 $18) 14. f5 Bc8 $13 {0-1 Blatny,P-Zueger,B/Prague Kottnauer 1996/CBM 54/
[Blatny,P] (37)}) 6. b3 cxb3 7. axb3 Bd6 8. Bd3 Ne7 (8... Nc6 9. Nd2 (9. Qf3
Be6 10. Ne2 Qd7 11. Bf4 Bxf4 12. Nxf4 Nf6 13. O-O O-O 14. Nh5 Nxh5 15. Qxh5 {
1/2-1/2 Kuijf,M-Psakhis,L/Benasque op 1996/EXP 53}) 9... Nf6 (9... Be6 10. Qf3
$5 Nge7 11. Bf4 $10 (11. Ne2 Ng6 {/\Nh4, ףf3}) 11... Bxf4 12. Qxf4 Ng6 13. Qg3
O-O 14. h4 $1 (14. Ne2 Nce7 $1 {/\ Nf5|^}) 14... Qf6 (14... Nce7 $2 15. h5 Nh8
16. h6 $1 $40 g6 $4 17. Qe5 $18) 15. Ne2 Bf5 16. Bxf5 Qxf5 17. h5 (17. Qf3 $142
Qxf3 (17... Qc2 18. Rc1 (18. h5 Nge7 19. Rc1 $14) 18... Qb2 19. h5 Nge7 (19...
Rae8 $2 20. Rb1 $18) 20. Qd3 $14) 18. Nxf3 Rfe8 19. Kd2 {/\h5+/= [+]}) 17...
Nge7 18. Qf3 Rfe8 (18... Qxf3 19. Nxf3 Nf5 20. Nf4 Rfe8+ 21. Kd2 Rad8 22. Rhe1
$14 {(),><d5}) 19. O-O Qg5 20. Nf4 $14 {1-0 Blatny,P-Kortschnoj,V/Brno 1992/
CBM 31/[Blatny,P] (52)}) 10. h3 O-O 11. Qf3 Re8 12. Ne2 h6 13. O-O {Blatny,
P-Popovic,P/Brno (8)/1992/0.5 (13)}) 9. Qc2 (9. Qh5 Nd7 10. Bg5 Nf8 11. Ne2 Ne6
12. Be3 g6 13. Qf3 O-O 14. g4 f5 15. gxf5 Nxf5 16. Bxf5 Rxf5 17. Qg2 Nf4 18.
Nxf4 Bxf4 19. Nd2 Qe7 20. Ke2 Rg5 {0-1 Cherniaev,A-Oll,L/Antwerpen op 1994/TD
94\02}) (9. Qf3 Nbc6 (9... Nd7 10. Ne2 O-O 11. Nd2 Re8 12. O-O Ng6 $6 13. Ng3
$1 (13. Qxd5 $6 Nf6 {/\Ng4~/=} (13... Nc5 14. Bc4 $8 Be6 15. Qh5 $16)) 13...
Qc7 $6 (13... Nb6 $14) 14. Qxd5 Nf6 15. Qc4 $16 {1-0 Motwani,P-Conquest,S/
Hafnarfirdi 1992/CBM 29/[Blatny,P] (32)}) 10. Ne2 O-O 11. Nd2 Be6 12. O-O Qd7
13. h3 Bf5 14. Bf4 Bxd3 15. Qxd3 Rfe8 16. Rfe1 a6 17. b4 Rac8 18. Nb3 Na7 19.
Nc5 Bxc5 20. dxc5 Qb5 21. Rad1 Ng6 22. Bd6 Re6 23. Qd2 Rce8 {Rabiega,R-Rahls,P/
Berliner Sommer 1996/EXP 54/1/2-1/2 (39)}) 9... Nbc6 (9... h6 10. Ne2 O-O 11.
O-O Nbc6 12. Ng3 Be6 13. Nd2 Rc8 14. Qb1 a5 15. Nf3 f5 16. Re1 Qd7 17. Bc1 f4
$36 {1/2-1/2 Kotliar,M-Kaidanov,G/New York op 1993/TD 93\03 (45)}) 10. Ne2 (10.
h3 h6 11. Ne2 O-O 12. O-O Be6 13. f4 f5 14. Nd2 Rc8 15. Qb1 Bb8 16. Nf3 Qb6 17.
Bd2 Rf7 18. Kh1 Rcf8 19. c4 $14 {[%csl Ge5] Bibic,J-Frolik,E/Wuert-ch
Schramberg 1993/GER 03/1/2-1/2 (60)}) 10... Ng6 11. O-O O-O 12. Qd2 {I find it
somewhat strange to play Qc2 and 3 moves later Qd2 without any special reason}
(12. Nd2 $5 f5 13. Nf3 (13. f4 Re8 14. Rf3 Qf6 $13) 13... f4 14. Bd2 Qf6 15. h3
(15. c4 $5) 15... Bf5 16. Bxf5 Qxf5 17. Qxf5 Rxf5 $14) 12... Qc7 13. h3 Be6 14.
Na3 (14. f4 $5 f5 15. Qc1 {[%cal Gb1d2,Gd2f3]}) 14... a6 15. Nc2 Nce7 $5 {
a move with two targets,the first one and the more important one is the fight
for the f5 sqaure,the second one is the open of the "c" file to balck heavy
pieces} 16. Ne1 (16. f4 Bf5 (16... Nf5 $5) 17. Bxf5 (17. g4 Bxd3 18. Qxd3 f5) (
17. g4 Bxd3 18. Qxd3 f5 19. g5 Rae8) 17... Nxf5 {[%csl Re4]} 18. g4 Nxe3 19.
Qxe3 f5 $36 {[%csl Re4]}) 16... Nf5 $15 {it is clear now that balck has
achived a very nice position out of the opening,now white has a choice to
exchange his dark squares bishops for white's knight or the light coloured
bishop for black's knight,white took now the knight whoch I believe it a
mistake since if you have central pawns d4-c3 on dark squares than I want a
bishop with the opposite colour!} 17. Bxf5 $6 (17. Nf3 $142 Nxe3 18. fxe3 f5
$15) 17... Bxf5 $15 {[%cal Gf5b1,Ge8e1,Gc8c1] /-/+,black now has full control
over the light squares,and as we will see he has the initiative in the king's
side,plus it seems he can play first in the open "e" file and has pressure on
the half open "c" file on white's "c3" pawn} 18. Nd3 (18. Nf3 f6 {[%csl Re5,
Rg5]}) 18... Rae8 19. Rfe1 (19. Ndf4 $142 Nh4 (19... Nxf4 20. Nxf4) 20. Ng3 Bd7
$15 21. Rfc1 $6 Rxe3 $5 22. fxe3 (22. Nxd5 Rxg3 23. fxg3 Qc6 24. Nf6+ gxf6 25.
gxh4 Qe4 $17) 22... Bxf4 23. exf4 Bxh3 $40) 19... h6 20. Nef4 (20. Ndf4 $5)
20... Nh4 21. Qd1 $4 {a very strange not only giving a pawn,but black play
something even better than Qxc3,it's clear white wants to defend the f3 square
but this is not the way} (21. f3 Qd8 {[%cal Gg7g5]} 22. Rf1 $15 {when is still
alive}) {[%tqu "En","find black's strongest move","","","f5e4","",3]} 21... Be4
$1 $17 {/-+} (21... Qxc3 22. Rc1 Qa5 23. Nc5 {when of course black is better,
but you can not reallt compare this position with the position black gets
after 21...Be4!}) 22. f3 $8 (22. Qh5 Nxg2 23. Nxg2 Bxd3 24. Qxd5 Be4 $19) 22...
Bxd3 23. Nxd3 Qxc3 {[%csl Rb3,Rd4][%cal Gb8h2]} 24. Rc1 Qa5 25. Bf4 (25. Nc5
Bg3 26. Re2 (26. Bf2 Bxf2+ 27. Kxf2 Rxe1 28. Qxe1 Qa2+ 29. Qe2 Qxe2+ 30. Kxe2
Nxg2) 26... Nf5 27. Bf2 Qb5) 25... Bxf4 26. Nxf4 Qa2 27. Rxe8 Rxe8 28. Qc2 Qa5
{of course with such weak white king black should even think of exchanging
queens} 29. Qc3 Qd8 30. g3 Qg5 31. Kf2 Nf5 32. Ne2 Re3 33. Qc8+ Kh7 34. Rc3 Re6
{[%cal Gg5d2]} (34... Rxe2+ 35. Kxe2 Nxd4+ 36. Kd3 $8 (36. Kf1 $2 Qd2) (36. Kd1
Qxg3 37. Qg4 Qf2) 36... Nxf3 37. Kc2 $17) 35. Rd3 $8 Qg6 {[%cal Gf5g3]} 36. Qc2
(36. Rd2 Qh5 $1) (36. Qc3 $142) 36... Rxe2+ 37. Kxe2 $4 {I can only guess...
time trouble,but QxR would not change the result} (37. Qxe2 Qxg3+ 38. Kf1 Qxh3+
$19) 37... Nxd4+ 0-1

[Event "Recklinghausen"]
[Site "Recklinghausen"]
[Date "1997.??.??"]
[Round "3"]
[White "Maiwald, Jens Uwe"]
[Black "Mainka, Romuald"]
[Result "1-0"]
[WhiteElo "2450"]
[BlackElo "2520"]
[Annotator "Har Zvi,R"]
[PlyCount "59"]
[EventDate "1997.07.??"]
[EventType "tourn"]
[EventRounds "9"]
[EventCountry "GER"]
[EventCategory "8"]
[SourceTitle "CBM 060 Extra"]
[Source "ChessBase"]
[SourceDate "1997.11.04"]
[SourceVersion "1"]
[SourceVersionDate "1997.11.04"]
[SourceQuality "1"]

1. e4 c5 2. c3 Nf6 3. e5 Nd5 4. Nf3 Nc6 5. Bc4 Nb6 6. Bb3 c4 7. Bc2 Qc7 8. Qe2
g5 $5 (8... e6 9. b3 g5 10. Na3 g4 11. Nb5 Qb8 12. Ng5 Nxe5 13. bxc4 a6 14. Nd4
Nbxc4 15. O-O h6 16. Ne4 Be7 17. d3 Nb6 18. f4 gxf3 19. Nxf3 Ng6 20. Qf2 $36 {
1-0 Kuijf,M-Stripunsky,A/Wijk-B 1996/CBM 52 (63)}) 9. e6 (9. Nxg5 Qxe5 10. d4 (
10. Qxe5 $2 Nxe5 11. Nxh7 Bh6 12. Bf5 d5 $1 $19) (10. Nxh7 $2 Bh6) (10. Nf3
Qxe2+ 11. Kxe2 Bg7 12. d4 cxd3+ 13. Bxd3 d5 14. Re1 O-O 15. Kf1 e5 $15) 10...
cxd3 (10... Qxe2+ $6 11. Kxe2 h6 12. Nf3 Bg7 13. Nh4 $5 $132) 11. Bxd3 Qxe2+
12. Bxe2 (12. Kxe2 Ne5 (12... h6 13. Nf3 Bg7 $10) 13. Bc2 h6 $36 {עe2}) 12...
Bg7 13. O-O O-O 14. Rd1 d5 $15 {[%csl Gd5,Ge7] 0-1 Torre,E-Ivanchuk,V/Erevan
olm 1996/EXT 96ch2/[Stohl] (57) [+]} (14... h6 {Stohl} 15. Nh3 $1 d5 16. Nf4
$10)) 9... dxe6 10. Nxg5 Qe5 (10... h6 11. Nf3 Bg7 12. O-O O-O 13. Na3 $14) 11.
d4 (11. Ne4 f5 12. Ng3 Bh6 13. Na3 Qxe2+ (13... O-O 14. d4 cxd3 15. Bxd3 Bxc1
16. Rxc1 $14) 14. Kxe2 O-O 15. b3 (15. d3 $142 $5 Bxc1 16. Raxc1 cxd3+ 17. Bxd3
e5 18. Rhd1 $14) 15... cxb3 16. Bxb3 (16. axb3 e5 $10) 16... Nd5 (16... Kh8 17.
d4 Bxc1 18. Raxc1 e5 19. Rhd1 $14) 17. Re1 Nf4+ 18. Kf1 Nd3 $13 {Sveshnikov,
E-Cherniaev,A/Erevan op 1996/EXP 52/[Belov]/1/2-1/2 (40)} (18... Rf6 $5)) (11.
Nxh7 $2 Bh6) 11... cxd3 12. Bxd3 Nd5 $6 {I do not like this move,not only
black's waste a tempi,the place of the knight on d5 is not better than on b6} (
12... Qxe2+ 13. Bxe2 (13. Kxe2 f5 $1 (13... h6 14. Nf3 Bg7 $10)) 13... h6 14.
Ne4 e5 15. Na3 Bf5 16. Bf3 O-O-O 17. Nc2 e6 18. Bd2 Bg6 $13 {Rozentalis,
E-Hellers,F/Skolernes Skakklub 1997/CBM 60[Har-Zvi,R]}) 13. O-O Qxe2 {of
course with his king on e8 it's black's interest to exchange queens} 14. Bxe2
h6 (14... e5 $4 15. Bh5 $18) 15. Nf3 $5 {white fight for the e5 square,another
alternative is of course Ne4} e5 {setting immediately a target for white,I
prefer first Bg7 or bd7} (15... Bd7 $5 16. Na3 O-O-O 17. Nc4 Bg7 18. Rd1 Nc7
$13 {[%cal Gf7f6,Ge6e5] it is true that after f6-e5 black's bishop on g7 is
very bad,but on the other black control the center and may one day exchange
this bishop with Bh6}) 16. Bb5 Bg7 $6 {why to put the bishop on g7 when after
Re1 anywhy black is going to play f6?} (16... f6) 17. Re1 f6 {[%csl Rg7]} 18.
Nbd2 O-O $6 {after this move black's position beomes very quickly much worse,
since white will manage to put his knight on h5when the g7 bishop will not be
able to move,since if black's castle the Queen's side he can play after Ng3 by
white h5} (18... Be6 $5) (18... Bg4) 19. Nf1 Bf5 (19... Bg4 20. Nh4 $1 {
[%cal Gf1g3]}) 20. Ng3 Bh7 21. Nh4 e6 22. Nh5 $14 {[%csl Rg7,Rh6] /+/- white
achived everything he can hope for,black has weakness,his pawns in the center
are blocked,while is bishop on g7 looks mor elike a pawn than a bishop} Nc7 (
22... Rf7 $1 {[%cal Gg7f8] probably the best move,since now white has to
decide if he exchanges his knight for black's bishop or not,since black may
move now his g7 to f8 still defending the h6 pawn} 23. Nxg7 Kxg7 24. Nf3 $14)
23. Bc4 b5 $6 {despite white's advantage it is still not easy for him to do
something clear with it,but now black just sets a target for white,his pawns
on the Queen's side,and gives white a very easy and clear plan to open the
queen's side} 24. Bf1 f5 $2 {another incorrect move,maybe even a mistake,
weakening the dark squares in the center and blocking the "h7" bishop,it seems
black do not mind having these bishops,first a terrible one on g7 after
exchanging him a terrible one on h7...} 25. Nxg7 Kxg7 26. a4 $1 a6 (26... bxa4
27. Rxa4 {[%cal Ga4c4]} Rfc8 28. Nf3 e4 29. Nd4 Nxd4 30. Rxd4 $16 {[%csl Rh7]})
(26... b4 27. cxb4 Nxb4 28. Rxe5) 27. Be3 {threatening Bb6 when after Nd5
white replies with axb5} Rab8 (27... Rfd8 28. Bb6) 28. axb5 axb5 29. Nf3 {
[%cal Gf3e5,Ge3c5] threatening Nxe5 followed by Bd4} e4 30. Nd4 (30. Nd4 Nxd4
$8 (30... Ne5 $4 31. Ra7 Rf7 32. Rxc7 Rxc7 33. Nxe6+) 31. Bxd4+ Kg8 32. Ra7 Rf7
(32... Ne8 $6 33. Re3 $1 f4 34. Rh3) 33. Be5 Rc8 34. Re3 Ne8 35. Ra6 $18) 1-0

[Event "Lee Cup 4th"]
[Site "Beijing"]
[Date "1997.09.02"]
[Round "9"]
[White "Speelman, Jonathan S"]
[Black "Pigusov, Evgeny"]
[Result "1/2-1/2"]
[WhiteElo "2630"]
[BlackElo "2560"]
[Annotator "Har Zvi,R"]
[PlyCount "61"]
[EventDate "1997.08.23"]
[EventType "swiss"]
[EventRounds "11"]
[EventCountry "CHN"]
[SourceTitle "CBM 061"]
[Source "ChessBase"]
[SourceDate "1997.11.23"]
[SourceVersion "1"]
[SourceVersionDate "1997.11.23"]
[SourceQuality "1"]

1. e4 c5 2. c3 d5 3. exd5 Qxd5 4. d4 Nf6 5. Nf3 Bg4 6. Be2 e6 7. h3 Bh5 8. O-O
Nc6 9. Be3 cxd4 10. cxd4 Be7 11. Nc3 Qd6 12. a3 O-O 13. Qb3 a6 (13... Rfd8 14.
Rfd1 Nd5 15. Rac1 Rab8 16. Nb5 Na5 17. Qc2 Bg6 18. Nxd6 Bxc2 19. Rxc2 Bxd6 20.
b4 Nc6 21. Bb5 Nce7 22. Bd2 Rbc8 $11 {Kindermann,S-Babula,V/Moscow olm 1994/
EXP 44/1-0 (56)}) (13... Rac8 14. Rfd1 Nd5 (14... Rfd8 15. Rac1 Qb8 16. d5 $1
Nxd5 17. Nxd5 exd5 18. Rxd5 Bg6 (18... Rxd5 19. Qxd5 Bg6 20. b4 $14) 19. Rb5 b6
(19... Rd7 20. Bc4 Bd6 (20... Bf6 $2 21. Be6 $1 fxe6 22. Qxe6+ Rf7 23. Rxc6 $16
) 21. Bd5 $14) 20. Rd5 Na5 $146 (20... Bf6 $2 21. Ba6 $16 {Nunn,J-Lutz,Ch
Duetschland 1994 62/142 [Nunn,J]}) (20... Qb7 21. Rxd8+ Nxd8 (21... Rxd8 22.
Qa4 $14) 22. Rxc8 Qxc8 23. Qa4 Nc6 24. Ba6 $14 {Nunn,J}) 21. Rxd8+ Bxd8 (21...
Rxd8 22. Qa4 $14) 22. Qb5 Rxc1+ (22... Bf6 23. b4) 23. Bxc1 Bf6 24. Qd7 (24. b4
Qc8 25. Be3 Nc6 $14) 24... Nb3 (24... Nb7 25. Bf4 Qa8 26. b4) 25. Bf4 Nc5 (
25... Qa8) 26. Bxb8 Nxd7 27. Bxa7 Bxb2 28. Bb5 Nc5 $4 (28... Bf5 29. g4 Be6 30.
Ng5 Nc5 (30... Ne5 31. Nxe6 fxe6 32. a4 Bd4 33. Kg2 $18 {[%cal Ga4a5]} (33. a5
$4 bxa5 34. Bxd4 Nf3+)) (30... Nf6 31. Nxe6 fxe6 32. a4 Nd5 33. Bc4 $18) 31.
Nxe6 Nxe6 32. a4 Bd4 33. Bd7 (33. Bc4 b5 34. Bxd4 bxc4 35. Bc3 $16) 33... Nf4
34. Kf1 $16 {[%cal Ga4a5] /+-}) (28... Nf6 $1 29. a4 Nd5 30. Bc4 Nc3 $11) 29.
a4 Nb3 (29... Bc2 30. a5) 30. Bxb6 $18 Bc3 31. Kf1 Kf8 32. Ke2 Ke7 33. Ke3 Kd6
34. Nd4 Nc5 35. a5 Be4 36. Bxc5+ Kxc5 37. Kxe4 Bxd4 38. a6 Kxb5 39. Kxd4 Kxa6
40. Kc5 f5 41. f4 {1-0 Ponomariov,R-Petrushin,A/RUS-Cup6 1997/CBM 59/[HarZvi,R]
}) 15. Ne4 Qb8 16. Rac1 Rfd8 17. Nc5 b6 18. Na6 Qd6 19. Qa4 Bf6 20. Rc4 Nce7
21. Rdc1 Rxc4 22. Rxc4 Nxe3 23. fxe3 Nf5 24. Rc3 Bxf3 $1 25. Bxf3 Nxe3 26. Rxe3
Bxd4 {[%cal Gg1d4,Gd4g1]} 27. Qb3 Qf4 28. Kf2 Bxe3+ {0-1 Egin,V-Mukhametov,E/
RUS-Cup3 1996/CBM 57/[HarZvi,R]}) 14. Rfd1 Rfd8 15. Rd2 (15. Na4 Nd5 16. Nc5
Nxe3 (16... Na5 17. Qa4 Nxe3 18. fxe3 b6 19. Rac1 e5 20. Ne4 Qh6 21. Rc3 Rac8
$17 {1-0 Tzoumbas,A-Vouldis,A/Ikaros op 1995/EXT 95op (58)}) 17. fxe3 Rab8 18.
Rac1 Qc7 19. Rc3 h6 20. Rf1 Bg6 $2 21. Nxe6 $1 fxe6 22. Ne5 Be8 23. Qxe6+ Kh8
24. Rf7 $1 Qd6 25. Ng6+ Kh7 26. Bd3 $3 Bxf7 (26... Qxe6 27. Nxe7+ Kh8 28. Rf8+)
27. Ne5+ Kg8 28. Qxf7+ Kh8 29. Ng6+ Kh7 30. Nxe7+ Kh8 31. Ng6+ Kh7 32. Ne5+ Kh8
33. Qf5 g6 34. Qf4 {1-0 Acs,P-Madl,I/Budapest FS08 GM 1997/EXP 59}) (15. Rac1
b5 16. Qa2 Rac8 (16... b4 $5 17. Na4 (17. axb4 Nxb4) (17. d5 exd5 18. Na4 Bxf3
19. Bxf3 Ne5 20. Bxd5 Nxd5 21. Nb6 Nf3+ {0-1 Cherniaev,A-Lalic,B/Hastings
op9495 1995/EXT 95op}) 17... bxa3 18. bxa3 Nd5 19. Nc5 Rdc8 $13 20. Bxa6 $6
Ncb4 21. axb4 Nxb4) 17. b4 Bf8 $13 {1/2-1/2 Braga,F-Spangenberg,H/Clarin GP-f
1997/CBM 58/[HarZvi,R] (56)}) 15... b5 16. Rad1 (16. d5 Na5 17. Qa2 exd5 18.
Nxd5 Nxd5 19. Rad1 Nc3 20. bxc3 Qe6 21. Rxd8+ Rxd8 22. Rxd8+ Bxd8 23. Qxe6 fxe6
24. g4 Bg6 25. Ne5 Bf6 26. Nxg6 hxg6 27. a4 bxa4 28. Bc1 Be7 29. Bd1 a3 30. Kf1
a2 {Bolacky,J-Hrabe,P/CZE Moravia-ch Prerov 1995/EXT 95ch/1/2-1/2 (43)}) 16...
Rac8 17. d5 Na5 (17... exd5 18. Nxd5 {[%cal Gd5b6]} Nxd5 19. Rxd5 Qe6 $8 {
with about equal position} 20. Rxd8+ Nxd8 (20... Rxd8 21. Qxe6 $14) 21. Qxe6
Nxe6 22. Rd7 Rc7) 18. Qa2 e5 19. Nh4 Nc4 (19... Bxe2 20. Nf5 Qd7 21. Nxe7+ Qxe7
22. Rxe2 Nc4 23. Bg5 $132 h6 24. Bxf6 (24. Bh4 g5 25. Bg3 Nh5 26. Bh2 f6 $15 {
[%csl Rh2]}) 24... Qxf6 25. Ne4 Qf4 (25... Qg6 26. b3 Nd6 27. Nxd6 Qxd6 28. b4
$11) 26. Qb3 $11 (26. b3 Nd6 $15)) 20. Bxh5 Nxh5 (20... Nxd2 $2 21. Nf5 Qd7 (
21... Qc7 22. d6 $1 Bxd6 23. Bb6 $3 {the point} Qc4 24. Bxd8 Qxa2 25. Nxa2 Rxd8
26. Rxd2 $18) 22. d6 $1 (22. Bxf7+ Kxf7 23. d6+ Qe6) 22... Bf8 (22... Bxd6 23.
Nxd6 Qxd6 (23... Nxh5 24. Nxc8) 24. Qxf7+ Kh8 25. Rxd2 $18) (22... Qxf5 23.
Qxf7+ Kh8 24. dxe7 Re8 25. Bg4 $18) 23. Ne7+ Kh8 (23... Bxe7 24. Qxf7+ Kh8 25.
dxe7 Re8 26. Rxd2 Qxe7 $16 {/+-}) 24. Rxd2 Nxh5 (24... Bxe7 25. dxe7 Qxe7 26.
Qxf7 $16 {/+-}) 25. Qxf7 Nf6 26. Bg5 $1 $18) (20... Nxe3 21. Bxf7+ Kxf7 22.
fxe3 $16) 21. Nf5 Qd7 22. Nxe7+ Qxe7 23. Re2 h6 $1 $15 {not allowing Bg5 after
Nf6} (23... Nf6 24. Bg5 {transposes to 19...Bxe2}) (23... Nxa3 $4 24. d6 $1
Rxd6 25. Rxd6 Qxd6 26. Rd2 Qe7 27. Qxa3 $18) (23... Qh4 $5) 24. Qb1 Nf6 (24...
Nxa3 25. bxa3 Rxc3 26. Bd4 Rcc8 {it is important for balck to have control
over the last rank} (26... Rxa3 $2 27. Rxe5 Qh4 28. Bc5 {[%cal Gc5e7]}) (26...
Rc4 27. Rxe5 Qh4 28. Bb6 Rdc8 29. d6 $16) 27. Rxe5 Qh4 28. Bb6 $16) 25. Bc1 $6
Rd7 (25... Nxa3 $1 {I could not find a reason why not to play this move?to me
this is very strange since both players are very strong GM and I can not
believe they have missed this??} 26. bxa3 Rxc3 27. Bb2 Rc5 (27... Nxd5 $2 28.
Rxd5 (28. Bxc3 $4 Nxc3 29. Rxd8+ Qxd8 $19) 28... Rxd5 29. Bxc3 $18) 28. Rxe5
Qd6 (28... Qd7 $2 29. d6) 29. Qf5 Rxd5 30. Rexd5 Nxd5 {when it is clear white
is fighting for a draw}) 26. Qf5 Re8 27. b3 Nxa3 (27... Nd6 28. Qf3) 28. Rde1
b4 (28... Qb4 $2 29. Ne4 $1 Rxd5 30. Nxf6+ gxf6 31. Re4 $1 $18 {[%csl Rg8]
[%cal Gc1h6]}) (28... Qd6 $6 29. Rxe5 Red8 (29... Rxe5 30. Rxe5 {[%cal Gc3e4]}
g6 31. Bxa3 gxf5 32. Bxd6 Rxd6 33. b4 $16) 30. Ne4 Nxe4 31. R1xe4 $16 {[%csl
Ra3]}) 29. Rxe5 Qd8 30. Rxe8+ Nxe8 31. Bxa3 {and a draw was agreed,since after
bxa3 black will change his "a" pawn for white's "d" pawn} 1/2-1/2